| 000 | 01152nam a2200277Ia 4500 | ||
|---|---|---|---|
| 001 | dia_2642 | ||
| 003 | CHAP | ||
| 005 | 20251021145040.0 | ||
| 008 | 220117s1948 xx 000 0 und d | ||
| 010 | _a173161 | ||
| 020 | _a0-12-016421-3 (v.21) \ 0-12-016422-1 (v.22) \ 0-12-016423-X (v.23) \ 0-12-016424-8 (v.24) \ 0-12-016425-6 (v.25) \ 0-12-016426-4 (v.26) \ 0-12-016427-2 (v.27) \ 0-12-016428-0 (v.28) \ 0-12-016430-2 (v.30) \ 0-12-016431-0 (v.31) \ 0-12-016464-7 (Supl.) | ||
| 040 | _cCHAP | ||
| 082 | _a664 A38 1948-1986 | ||
| 245 |
_aAdvances in food research / _c edición E. M. Mrak y George F. Stewart |
||
| 260 |
_aNew York, U.S.A. : _b Academic Press, _c1948 |
||
| 300 | _a30 v. | ||
| 500 | _aLos ejemplares 1 al 14 y el 29 son material fotocopiado \ La colección cuenta con un volumen que es suplemento | ||
| 504 | _aIncluye bibliografías | ||
| 650 |
_aAlimentos _xInvestigación _94240 |
||
| 700 |
_aMrak, E. M., ed. _9153298 |
||
| 700 |
_aStewart, George F., ed. _9153299 |
||
| 901 | _a664 A38 1948-1986 | ||
| 902 | _aM | ||
| 905 | _a5222271948-86 nyumn 8222223322eng16 | ||
| 942 |
_cLIBRO _2ddc |
||
| 999 |
_c173161 _d173161 |
||